书目信息 |
| 题名: |
工程热力学
|
|
| 作者: | 王修彦 主编 | |
| 分册: | ||
| 出版信息: | 北京 机械工业出版社 2022.04 |
|
| 页数: | 258页 | |
| 开本: | 26cm | |
| 丛书名: | ||
| 单 册: | ||
| 中图分类: | TK123 | |
| 科图分类: | ||
| 主题词: | 工程热力学--gong cheng re li xue--高等学校--教材 | |
| 电子资源: | ||
| ISBN: | 978-7-111-69840-1 | |
| 000 | 01027nam0 2200265 450 | |
| 001 | 011025150549 | |
| 005 | 20221025150549.0 | |
| 010 | @a978-7-111-69840-1@dCNY54.00 | |
| 100 | @a20201004d2022 em y0chiy50 ea | |
| 101 | 0 | @achi |
| 102 | @aCN@b110000 | |
| 105 | @aa z 000yy | |
| 106 | @ar | |
| 200 | 1 | @a工程热力学@Agong cheng re li xue@f王修彦主编 |
| 205 | @a第2版 | |
| 210 | @a北京@c机械工业出版社@d2022.04 | |
| 215 | @a258页@c图@d26cm | |
| 300 | @a普通高等教育“十一五”国家级规划教材一流本科专业一流本科课程建设系列教材 | |
| 330 | @a全书共13章,主要讲述热力学基本概念、热力学第一定律和第二定律、理想气体和水蒸气的性质及各种热力过程、热力学一般关系式和实际气体的性质、气体和蒸汽的流动、气体和蒸汽动力装置循环、制冷循环、湿空气的性质、化学热力学基础等。 | |
| 510 | 1 | @aEngineering thermodynamics@zeng |
| 606 | 0 | @a工程热力学@Agong cheng re li xue@x高等学校@j教材 |
| 690 | @aTK123@v5 | |
| 701 | 0 | @a王修彦@Awang xiu yan@f(1969.1-)@4主编 |
| 801 | 0 | @aCN@c20221025 |
| 905 | @a河南城建学院图书馆@dTK123@eW3981 | |
| 工程热力学/王修彦主编.-第2版.-北京:机械工业出版社,2022.04 |
| 258页:图;26cm |
| 普通高等教育“十一五”国家级规划教材一流本科专业一流本科课程建设系列教材 |
| ISBN 978-7-111-69840-1:CNY54.00 |
| 全书共13章,主要讲述热力学基本概念、热力学第一定律和第二定律、理想气体和水蒸气的性质及各种热力过程、热力学一般关系式和实际气体的性质、气体和蒸汽的流动、气体和蒸汽动力装置循环、制冷循环、湿空气的性质、化学热力学基础等。 |
| ● |
| 相关链接 |
|
|
|
正题名:工程热力学
索取号:TK123/W3981
 
预约/预借
| 序号 | 登录号 | 条形码 | 馆藏地/架位号 | 状态 | 备注 |
| 1 | 1584555 | 215845557 | 自科库501/501自科库 136排1列4层/ [索取号:TK123/W3981] | 在馆 | |
| 2 | 1584556 | 215845566 | 自科库501/501自科库 136排1列4层/ [索取号:TK123/W3981] | 在馆 |